000 01347nam a2200217Ia 4500
003 Ost
005 20260416102359.0
008 260416s9999||||xx |||||||||||||| ||und||
040 _cfsecg
041 _aara
082 _a658.15
100 _aسايح، فريد
_eمؤلف
245 0 _a التسيير المالي : دروس و تمارين :
_bمطبوعة بيداغوجية موجهة لطلبة السنة الثالثة ليسانس شعبة العلوم المالية و المحاسبة /
_c فريد سايح
260 _aالجزائر
_bجامعة الجزائر3: كلية العلوم الإقتصادية، العلوم التجارية وعلوم التسيير
_c2022
300 _a122 ورقة
_bايضاحات
_c30 سم
504 _aالمراجع ص.121
520 _aمدخل لتسيير المالي ، دراسة التوازن المالي و النشاط للمؤسسة ، دراسة مردودية المؤسسة ، تحليل جدول التمويل ، تسيير قرارا التمويل ، تسيير قرار الاستثمار ، تسيير قرار توزيع الارباح .
653 _aالادارة المالية
710 _aجامعة الجزائر3: كلية العلوم الإقتصادية، العلوم التجارية وعلوم التسيير
_eناشر علمي
942 _cHANDOUT
999 _c41349
_d41349